000 00488nam a2200193Ia 4500
999 _c5732
_d5732
003 0100
008 130227s9999 xx 000 0 und d
040 _cARRUPELIB
050 _aDT962.62.P37 1982
245 _aPast and present in Zimbabwe /
260 _aManchester
_bManchester University Press
_c1982
300 _aviii
300 _b 120p. 24cm.
650 _aZimbabwe
_xPolitics and government
_xCase studies
_940429
650 _aLand tenure
_xCase studies
_zZimbabwe
_940430
650 _aZimbabwe
_xEconomic conditions
_xCase studies
_940431
700 _aRanger, O. T. ; Peel, J. D. Y. eds.
_940432
942 _2lcc
_cMONOGRAPH